|
|
|
|
| LEADER |
00000cam a2200000 7i4500 |
| 001 |
0000007712 |
| 005 |
20071008.0 |
| 020 |
|
|
|a 0721415555
|
| 090 |
0 |
0 |
|a JF
|b FAV
|
| 245 |
1 |
0 |
|a Dick Whittington
|c illustrated by Martin Aitchison
|
| 260 |
|
|
|a Loughborough :
|b Ladybirds Books Ltd ,
|c 1993
|
| 300 |
|
|
|a p.v. :
|b ill. ;
|c 18cm.
|
| 490 |
0 |
|
|a Favourite tales
|
| 650 |
0 |
0 |
|a Children's stories
|
| 700 |
1 |
|
|a Aitchison, Martin ,
|e illustrated
|
| 999 |
|
|
|a 052292
|b BUKU
|c PINJAMAN
|e PERPUSTAKAAN KOMUNITI CAW KOTA DAMANSARA
|
| 999 |
|
|
|a 052294
|b BUKU
|c PINJAMAN
|e PERPUSTAKAAN KOMUNITI PETALING JAYA
|
| 999 |
|
|
|a 055616
|b BUKU
|c PINJAMAN
|e PERPUSTAKAAN KOMUNITI PETALING JAYA
|
| 999 |
|
|
|a 055617
|b BUKU
|c PINJAMAN
|e PERPUSTAKAAN KOMUNITI CAW BANDAR UTAMA
|
| 999 |
|
|
|a 124245
|b BUKU
|c PINJAMAN
|e PERPUSTAKAAN KOMUNITI PETALING JAYA
|
| 999 |
|
|
|a 124246
|b BUKU
|c PINJAMAN
|e PERPUSTAKAAN KOMUNITI CAW TAMAN MEDAN
|
| 999 |
|
|
|a 124247
|b BUKU
|c PINJAMAN
|e PERPUSTAKAAN KOMUNITI PETALING JAYA
|